000 00592nam a2200193Ia 4500
005 20260120132200.0
008 008 260114s9999 xx 000 0 eng d
020 _a9781383023947
037 _aEBOOK
040 _aCRL
_beng
_cCRL
041 _aeng
_2eng
084 _qCRL
100 _aBernardo
_9935926
245 0 _aBayesian Statistics 5 Proceedings of the Fifth Valencia International Meeting, June 5-9, 1994
260 _bOxford University PressOxford University Press
_c2023
856 _uhttps://academic.oup.com/book/54042
942 _cEBOOK
999 _c1527849
_d1527849